000
00310pab a2200133 454500
008
180718b2006 xxu||||| |||| 00| 0 eng d
245
_a
ORGANIZATIONS working for womens rights
260
_c
2006
300
_a
p.137-41.
362
_a
Mar
650
_a
Womens rights
773
_a
Development
909
_a
71567
999
_c
71567
_d
71567